=LDR 00000nam 2200000 4500 =001 INLIS000000000031849 =005 20130612133908 =008 ***********************************ind** =035 ##$$0010-061300000031849 =041 ##$$a ind =082 ##$$a 347.016 =090 ##$$a 347.016, Gun k =100 ##$$a GUNARDI =245 ##$$a Kitab Undang-Undang Hukum Kenotariatan, Gunardi, Markus Gunawan =260 ##$$a 2007 $b Jakarta =300 ##$$a xix,1497 hlm , 23 Cm =650 ##$$a NOTARIS- UNDANG-UNDANG =700 ##$$a Gunawan,Markus =850 ##$$a NBPNMAT